Vista normal Vista MARC

Entrada Materia (personas)

Número de registros utilizados en: 1

001 - CONTROL NUMBER

  • control field: 71371

003 - CONTROL NUMBER IDENTIFIER

  • control field: Co-BoUCM

005 - DATE AND TIME OF LATEST TRANSACTION

  • control field: 20150907145701.0

008 - FIXED-LENGTH DATA ELEMENTS

  • fixed length control field: 150907|| aca||aabn | a|a d

040 ## - CATALOGING SOURCE

  • Original cataloging agency: Co-BoUCM
  • Transcribing agency: Co-BoUCM

100 ## - HEADING--PERSONAL NAME

  • Personal name: Delgado, Juan B.
  • Dates associated with a name: 1868-1929
  • Fuller form of name: (Juan Bautista)

670 ## - SOURCE DATA FOUND

  • Source citation: Work cat.: (Co-BoUCM): Delgado, Juan B. 1868-1929 (Juan Bautista), El país de Ruben Darío, 1922